[Event "N1 Reykjavik Open 2014"]
[Site "Reykjavik ISL"]
[Date "2014.03.06"]
[Round "4.13"]
[White "Gretarsson, Hjorvar Steinn"]
[Black "L'Ami, Alina"]
[Result "1-0"]
[WhiteTitle "GM"]
[BlackTitle "WGM"]
[WhiteElo "2511"]
[BlackElo "2398"]
[WhiteFideId "2302241"]
[BlackFideId "1210246"]
[EventDate "2014.03.04"]

1. d4 Nf6 2. Nf3 g6 3. g3 Bg7 4. Bg2 O-O 5. O-O d6 6. a4 a5 7. b3 e5 8. dxe5
dxe5 9. Ba3 Re8 10. Nc3 Nc6 11. Qxd8 Rxd8 12. Rac1 Bf5 13. Nb5 e4 14. Ne1 Bh6
15. e3 Nd5 16. h3 g5 17. c4 Ndb4 18. Nxc7 Rac8 19. Nb5 Bf8 20. Bb2 Rd2 21. Bc3
Re2 22. Bxb4 Bxb4 23. Nc2 Bg6 24. Rfd1 f5 25. Bf1 Rd2 26. Nxb4 Rxd1 27. Rxd1
axb4 28. Rd5 f4 29. gxf4 gxf4 30. exf4 Rf8 31. Nd6 b6 32. f5 Bh5 33. Nxe4 Ne7
34. Rb5 Nxf5 35. Ng3 1-0

[Event "N1 Reykjavik Open 2014"]
[Site "Reykjavik ISL"]
[Date "2014.03.06"]
[Round "4.14"]
[White "Gullaksen, Eirik"]
[Black "Pavlovic, Milos"]
[Result "1-0"]
[WhiteTitle "IM"]
[BlackTitle "GM"]
[WhiteElo "2359"]
[BlackElo "2506"]
[WhiteFideId "1500945"]
[BlackFideId "900389"]
[EventDate "2014.03.04"]

1. e4 c5 2. Nf3 Nc6 3. b3 d6 4. Bb2 e5 5. Bc4 Be7 6. O-O Nf6 7. Re1 O-O 8. Nc3
Rb8 9. a4 a6 10. h3 Be6 11. d3 Qd7 12. Qd2 Nh5 13. Kh2 Nf4 14. Ne2 Nxe2 15. Rxe2
f5 16. exf5 Rxf5 17. Bxe6+ Qxe6 18. d4 e4 19. dxc5 Rbf8 20. Rae1 Rxf3 21. Rxe4
Ne5 22. Bxe5 Rxf2 23. Bxd6 Rxd2 24. Rxe6 Bh4 1-0

[Event "N1 Reykjavik Open 2014"]
[Site "Reykjavik ISL"]
[Date "2014.03.06"]
[Round "4.15"]
[White "Kristjansson, Stefan"]
[Black "Cawdery, Daniel"]
[Result "1/2-1/2"]
[WhiteTitle "GM"]
[BlackTitle "FM"]
[WhiteElo "2503"]
[BlackElo "2362"]
[WhiteFideId "2301172"]
[BlackFideId "14300249"]
[EventDate "2014.03.04"]

1. e4 c5 2. c3 Nf6 3. e5 Nd5 4. Nf3 Nc6 5. Bc4 Nb6 6. Bb3 c4 7. Bc2 d6 8. exd6
Qxd6 9. O-O g6 10. b3 Bg7 11. Na3 cxb3 12. axb3 O-O 13. d4 Bg4 14. Nc4 Qd5 15.
Nxb6 axb6 16. Rxa8 Rxa8 17. h3 Bxf3 18. Qxf3 Qxf3 19. gxf3 e6 20. Be3 Rc8 21.
Rd1 b5 22. d5 exd5 23. Rxd5 Bxc3 1/2-1/2

[Event "N1 Reykjavik Open 2014"]
[Site "Reykjavik ISL"]
[Date "2014.03.06"]
[Round "4.19"]
[White "Kvisvik, Brede"]
[Black "Elsness, Frode"]
[Result "0-1"]
[WhiteTitle "FM"]
[BlackTitle "IM"]
[WhiteElo "2257"]
[BlackElo "2479"]
[WhiteFideId "1502999"]
[BlackFideId "1501100"]
[EventDate "2014.03.04"]

1. d4 d5 2. c4 c6 3. Nf3 Nf6 4. Qb3 dxc4 5. Qxc4 Bf5 6. g3 e6 7. Bg2 Nbd7 8. O-O
Be7 9. Rd1 O-O 10. e3 Qc7 11. Nc3 Ne4 12. Nd2 Nxc3 13. bxc3 e5 14. Qe2 Rfe8 15.
e4 Bg6 16. Nc4 f6 17. a4 Rad8 18. a5 b5 19. Ne3 a6 20. Nf5 Bf8 21. Qg4 c5 22.
Be3 cxd4 23. cxd4 exd4 24. Rxd4 Ne5 25. Qd1 Rxd4 26. Qxd4 Nc4 27. Bf4 Qc5 28.
Qd7 Qc8 29. Qxc8 Rxc8 30. Ne3 Nxe3 31. Bxe3 b4 32. Rc1 Rxc1+ 33. Bxc1 b3 34. Bf1
Bb4 35. Bxa6 Bxa5 36. Bc4+ Bf7 37. Bd3 Bc3 38. Bb1 Bc4 39. Be3 Kf7 40. f4 Ke6
41. Kf2 g6 42. Bc5 Kd7 43. Ke3 Kc6 44. Bd4 Bxd4+ 45. Kxd4 Kb5 46. Kc3 Be6 47. h4
Ka4 48. Bd3 Ka3 49. Bb1 b2 50. h5 gxh5 51. e5 fxe5 52. fxe5 h6 53. Kd4 Kb4 54.
Be4 Ba2 55. e6 Bxe6 56. Bb1 Bc4 57. Ke4 Kc3 58. Ke3 Bb3 0-1

[Event "N1 Reykjavik Open 2014"]
[Site "Reykjavik ISL"]
[Date "2014.03.06"]
[Round "4.21"]
[White "Zoldan, Matteo"]
[Black "Gajewski, Grzegorz"]
[Result "0-1"]
[WhiteTitle "CM"]
[BlackTitle "GM"]
[WhiteElo "2209"]
[BlackElo "2629"]
[WhiteFideId "805319"]
[BlackFideId "1116207"]
[EventDate "2014.03.04"]

1. e4 c5 2. Nf3 e6 3. d4 cxd4 4. Nxd4 a6 5. Bd3 Bc5 6. Nb3 Be7 7. c4 d6 8. O-O
Nf6 9. Nc3 Nbd7 10. f4 Qc7 11. Be3 b6 12. Qf3 Bb7 13. Rae1 O-O 14. g4 g6 15. g5
Nh5 16. Qh3 Qd8 17. Be2 Ng7 18. Qh6 Re8 19. Qh4 f5 20. Bf3 Rc8 21. Nd2 Nc5 22.
Bxc5 dxc5 23. e5 Qd4+ 24. Rf2 Bxf3 25. Nxf3 Qxc4 26. Rd1 Rcd8 27. Rfd2 Nh5 28.
Ne2 Qe4 29. Kg2 c4 30. Qf2 Rxd2 31. Rxd2 Bc5 32. Qh4 Be3 0-1

[Event "N1 Reykjavik Open 2014"]
[Site "Reykjavik ISL"]
[Date "2014.03.06"]
[Round "4.22"]
[White "Krush, Irina"]
[Black "Thorsteinsson, Arnar"]
[Result "1-0"]
[WhiteTitle "GM"]
[WhiteElo "2490"]
[BlackElo "2205"]
[WhiteFideId "2012782"]
[BlackFideId "2300524"]
[EventDate "2014.03.04"]

1. c4 c5 2. Nf3 d6 3. d4 cxd4 4. Nxd4 g6 5. e4 Bg7 6. Nc3 Nc6 7. Be3 Nf6 8. Be2
O-O 9. O-O Nxd4 10. Bxd4 Bd7 11. Qd2 Bc6 12. f3 Nd7 13. Be3 a5 14. b3 Nc5 15.
Rac1 Qb8 16. Rc2 e5 17. Nb5 Rd8 18. Rd1 Ne6 19. Rc3 Bxb5 20. cxb5 Nd4 21. Bc4 a4
22. b4 Qa7 23. Kh1 Qb6 24. Rdc1 Rd7 25. Qd3 Rc7 26. Bd5 Rac8 27. Rxc7 Rxc7 28.
Rxc7 Qxc7 29. b6 Qxb6 30. Qc4 Qb5 31. Qxb5 Nxb5 32. Bxb7 Bf6 33. Bc6 Nc3 34. a3
Bd8 35. b5 Bc7 36. Ba7 Nb1 37. b6 Bxb6 38. Bxb6 Nxa3 39. Bxa4 1-0

[Event "N1 Reykjavik Open 2014"]
[Site "Reykjavik ISL"]
[Date "2014.03.06"]
[Round "4.23"]
[White "Shoker, Samy"]
[Black "Schou-Moldt, Thomas"]
[Result "1/2-1/2"]
[WhiteTitle "IM"]
[WhiteElo "2466"]
[BlackElo "2191"]
[WhiteFideId "627143"]
[BlackFideId "1401297"]
[EventDate "2014.03.04"]

1. c4 Nf6 2. g3 g6 3. Bg2 Bg7 4. Nc3 d6 5. Nf3 Nc6 6. O-O O-O 7. Rb1 a5 8. a3 e5
9. d3 h6 10. b4 axb4 11. axb4 Be6 12. b5 Nd4 13. Nd2 Bc8 14. Bb2 h5 15. e3 Ne6
16. Nf3 Nc5 17. h3 Re8 18. e4 c6 19. Qc2 Nh7 20. Kh2 Rf8 21. Ra1 Rxa1 22. Rxa1
f5 23. exf5 Bxf5 24. Ne1 Qc8 25. Na4 Nxa4 26. Qxa4 Bd7 27. Qc2 cxb5 28. Ra7 Bxh3
29. Bxb7 Qc5 30. Bd5+ Kh8 31. Rf7 Bf5 32. Rxf8+ Nxf8 33. Qe2 bxc4 34. dxc4 Ne6
35. Ng2 Nc7 36. Bf3 Ne6 37. Nh4 Bb1 38. Kg2 Nd4 39. Bxd4 Qxd4 40. Bd5 Bd3 41.
Qf3 Kh7 42. Qf7 Qa1 43. Kh2 Qb2 44. Kh3 Qc2 45. Kg2 Qb1 46. Kh2 1/2-1/2

[Event "N1 Reykjavik Open 2014"]
[Site "Reykjavik ISL"]
[Date "2014.03.06"]
[Round "4.24"]
[White "Bjornsson, Bjorn Freyr"]
[Black "Lie, Espen"]
[Result "0-1"]
[BlackTitle "IM"]
[WhiteElo "2158"]
[BlackElo "2456"]
[WhiteFideId "2300834"]
[BlackFideId "1502611"]
[EventDate "2014.03.04"]

1. d4 Nf6 2. c4 e6 3. Nc3 Bb4 4. Qc2 d5 5. cxd5 exd5 6. Nf3 O-O 7. Bg5 Nbd7 8.
e3 c6 9. Bd3 h6 10. Bh4 Re8 11. O-O Be7 12. Nd2 Ng4 13. Bxe7 Qxe7 14. Bh7+ Kh8
15. Bf5 Nf8 16. Nf3 Nf6 17. Ne5 Kg8 18. f4 Bxf5 19. Qxf5 Ne4 20. Nxe4 dxe4 21.
Rfc1 Rad8 22. a3 Rd5 23. Qg4 c5 24. dxc5 Rxc5 25. b4 Rxc1+ 26. Rxc1 Rd8 27. Qf5
Qe6 28. Qxe6 Nxe6 29. f5 Nf8 30. Rc7 Rd1+ 31. Kf2 Rd5 32. Nc4 Rxf5+ 33. Ke2 Rb5
34. Nd6 Rb6 35. Nxf7 Ne6 36. Rd7 Ra6 37. Rxb7 Rxa3 38. Nd6 Ra2+ 39. Kf1 Ra4 40.
Re7 Nf8 41. Rxe4 Ra6 42. Nb5 Ra1+ 43. Ke2 a5 44. bxa5 Rxa5 45. Nd4 Ng6 46. Nf3
Ra2+ 47. Nd2 Kf7 48. Rb4 Ne5 49. h3 Kf6 50. g3 Ke6 51. e4 Ra1 52. Ke3 Re1+ 0-1

[Event "N1 Reykjavik Open 2014"]
[Site "Reykjavik ISL"]
[Date "2014.03.06"]
[Round "4.25"]
[White "Halldorsson, Jon Arni"]
[Black "Djurhuus, Rune"]
[Result "0-1"]
[BlackTitle "GM"]
[WhiteElo "2185"]
[BlackElo "2447"]
[WhiteFideId "2301075"]
[BlackFideId "1500082"]
[EventDate "2014.03.04"]

1. d4 Nf6 2. Nf3 g6 3. Bg5 Ne4 4. Bh4 c5 5. c3 Bg7 6. e3 O-O 7. Nbd2 Nxd2 8.
Qxd2 cxd4 9. cxd4 d6 10. Be2 Re8 11. O-O Qb6 12. Rac1 Be6 13. a3 a5 14. Ng5 Bb3
15. Bc4 h6 16. Nf3 Nc6 17. Bxb3 Qxb3 18. Rc3 Qd5 19. Qc2 a4 20. Rc4 Qb5 21. Rc1
Rec8 22. h3 g5 23. Bg3 Na7 24. Rxc8+ Rxc8 25. Qd2 Rc6 26. Ne1 Nc8 27. Nd3 Nb6
28. Rc3 Nd5 29. Rc1 f5 30. f3 f4 31. Bf2 fxe3 32. Bxe3 Nxe3 33. Qxe3 Qd5 34. Kh2
Rxc1 35. Nxc1 Qxd4 36. Qe6+ Kf8 37. Qc8+ Kf7 38. Qf5+ Bf6 0-1

[Event "N1 Reykjavik Open 2014"]
[Site "Reykjavik ISL"]
[Date "2014.03.06"]
[Round "4.26"]
[White "Kjartansson, Gudmundur"]
[Black "Bjerke, Richard"]
[Result "1/2-1/2"]
[WhiteTitle "IM"]
[BlackTitle "FM"]
[WhiteElo "2441"]
[BlackElo "2162"]
[WhiteFideId "2301318"]
[BlackFideId "1500252"]
[EventDate "2014.03.04"]

1. Nf3 Nf6 2. c4 g6 3. Nc3 Bg7 4. g3 O-O 5. Bg2 d6 6. d4 c6 7. O-O Bf5 8. Nh4
Be6 9. b3 Qa5 10. Bd2 Qb6 11. Nf3 d5 12. cxd5 cxd5 13. Na4 Qd8 14. Nc5 Bc8 15.
Bf4 b6 16. Nd3 Nc6 17. Rc1 Bb7 18. Qd2 Ne4 19. Qe3 Re8 20. Bh6 Bh8 21. Nfe5 Nxe5
22. dxe5 d4 23. Qf4 Nc3 24. Rc2 Bxg2 25. Kxg2 Qd5+ 26. Qf3 Qe6 27. e3 Nb5 28.
Rc6 Qd7 29. a4 Nc3 30. Rc4 Rac8 31. Rxd4 Qe6 32. h4 Qxb3 33. h5 Qe6 34. hxg6
fxg6 35. Rh1 Rc4 36. Rhh4 Rxd4 37. exd4 Qd5 38. Bd2 Qxf3+ 39. Kxf3 Rf8+ 40. Ke3
Nd5+ 41. Ke4 e6 42. Rh1 Rc8 43. a5 Rc2 44. axb6 axb6 45. Bg5 Bg7 46. Ra1 Rc4 47.
Ra8+ Kf7 48. Ra7+ Rc7 49. Ra8 h6 50. Bd8 Rb7 51. f4 h5 52. Kf3 Bf8 53. Nf2 b5
54. Ne4 b4 55. Ng5+ Kg8 56. Nxe6 b3 57. Bf6 Kf7 58. Ng5+ Kg8 59. Ne6 Kf7 60.
Nd8+ Kg8 61. Ne6 Kf7 1/2-1/2

[Event "N1 Reykjavik Open 2014"]
[Site "Reykjavik ISL"]
[Date "2014.03.06"]
[Round "4.27"]
[White "Beltz, Franziska"]
[Black "Thorhallsson, Throstur"]
[Result "0-1"]
[WhiteTitle "WFM"]
[BlackTitle "GM"]
[WhiteElo "2155"]
[BlackElo "2435"]
[WhiteFideId "4681401"]
[BlackFideId "2300109"]
[EventDate "2014.03.04"]

1. e4 c5 2. Nf3 Nc6 3. d4 cxd4 4. Nxd4 Qb6 5. Nb3 Nf6 6. Nc3 e6 7. Bd3 a6 8. O-O
Qc7 9. f4 d6 10. Qe2 b5 11. a3 Be7 12. Bd2 O-O 13. Rae1 Nd7 14. Rf3 g6 15. Rh3
Bf6 16. Rf1 b4 17. axb4 Nxb4 18. f5 Nxd3 19. Qxd3 Bb7 20. Qg3 exf5 21. Rxf5 Qd8
22. Rxf6 Qxf6 23. Bg5 Qe6 24. Qh4 h5 25. Rg3 Kh7 26. Nd4 Qe5 27. Be3 f6 28. Nf5
Bxe4 29. Nxd6 Bxc2 30. Nc4 Qe6 31. Qf4 g5 32. Qd4 Rad8 33. Nd2 Ne5 34. Qc5 h4
35. Rh3 Bf5 36. Rf3 Nxf3+ 37. Nxf3 Bg4 38. Nd4 Qxe3+ 0-1

[Event "N1 Reykjavik Open 2014"]
[Site "Reykjavik ISL"]
[Date "2014.03.06"]
[Round "4.28"]
[White "Norowitz, Yaacov"]
[Black "Chernukhin, Alexander"]
[Result "1-0"]
[WhiteTitle "IM"]
[WhiteElo "2430"]
[BlackElo "2135"]
[WhiteFideId "2024799"]
[BlackFideId "24177199"]
[EventDate "2014.03.04"]

1. d4 d5 2. c4 c6 3. cxd5 cxd5 4. Nf3 Nf6 5. Nc3 a6 6. Bf4 e6 7. e3 Be7 8. Ne5
Nbd7 9. Bd3 Nxe5 10. Bxe5 Bd7 11. O-O O-O 12. Qf3 h6 13. Ne2 Bb5 14. Bxb5 axb5
15. Bxf6 Bxf6 16. Nf4 Be7 17. Rfc1 Bd6 18. Nd3 Qe7 19. Qd1 b4 20. g3 Rfc8 21.
Rxc8+ Rxc8 22. Qa4 Qe8 23. Qxe8+ Rxe8 24. Kf1 Rc8 25. Ke2 Kf8 26. Kd2 Ke7 27. f3
Rc4 28. b3 Rc8 29. e4 Kd7 30. e5 Be7 31. f4 g6 32. g4 h5 33. gxh5 Rh8 34. Rh1
Rxh5 35. h3 b6 36. Ke3 Rh8 37. Kf3 Rh5 38. Kg3 Bh4+ 39. Kg4 Be7 40. h4 Ke8 41.
Rh2 Kd7 42. Ne1 Ke8 43. Nf3 Kd7 44. Rc2 Rh8 45. Rh2 Rh5 46. Ng1 Bd8 47. Ne2 Rh7
48. Ng3 Rh8 49. h5 gxh5+ 50. Rxh5 Rxh5 51. Nxh5 b5 52. Kf3 Bb6 53. Ke3 Ke7 54.
f5 Kd7 55. Nf4 Ke7 56. Nd3 Ba5 57. Kf4 Ke8 58. f6 Kd7 59. Nc5+ Ke8 60. Ke3 Bb6
61. Na6 Kd7 62. Nxb4 Ba5 63. Nd3 Bb6 64. b4 Ke8 65. Nc5 Bc7 66. Kd3 Bb6 67. Kc3
Bc7 68. Kb3 Bb6 69. a4 1-0

[Event "N1 Reykjavik Open 2014"]
[Site "Reykjavik ISL"]
[Date "2014.03.06"]
[Round "4.29"]
[White "Tania, Sachdev"]
[Black "Marentini, Marcel"]
[Result "1-0"]
[WhiteTitle "IM"]
[WhiteElo "2423"]
[BlackElo "2155"]
[WhiteFideId "5007844"]
[BlackFideId "1318730"]
[EventDate "2014.03.04"]

1. d4 Nf6 2. c4 e6 3. Nf3 b6 4. g3 Bb7 5. Bg2 Be7 6. O-O O-O 7. Re1 d5 8. cxd5
exd5 9. Bf4 c5 10. Nc3 Ne4 11. dxc5 Nxc3 12. bxc3 Bxc5 13. Ne5 g5 14. Bd2 Bxf2+
15. Kxf2 Qf6+ 16. Nf3 g4 17. Kg1 gxf3 18. Bxf3 Na6 19. Rf1 Qg6 20. Be3 Rac8 21.
Bd4 Nc5 22. Bg2 Ne4 23. Rc1 Rc4 24. Qd3 Ra4 25. Qc2 Rc4 26. Qb2 Bc8 27. Qa3 a6
28. Qe7 Qe6 29. Qh4 f5 30. g4 Qg6 31. gxf5 Bxf5 32. Kh1 Rcc8 33. Bf3 Qe6 34.
Rg1+ Bg6 35. Qh6 Rc7 36. Rxg6+ Qxg6 37. Rg1 Qxg1+ 38. Kxg1 Rcf7 39. Bxe4 Rf1+
40. Kg2 1-0

[Event "N1 Reykjavik Open 2014"]
[Site "Reykjavik ISL"]
[Date "2014.03.06"]
[Round "4.30"]
[White "Karavade, Eesha"]
[Black "Sigeman, Johan"]
[Result "1-0"]
[WhiteTitle "IM"]
[WhiteElo "2408"]
[BlackElo "2123"]
[WhiteFideId "5012600"]
[BlackFideId "1705601"]
[EventDate "2014.03.04"]

1. d4 Nf6 2. c4 e6 3. Nc3 Bb4 4. Qc2 O-O 5. Nf3 c5 6. dxc5 Qa5 7. Bd2 Qxc5 8. e3
d5 9. a3 Bxc3 10. Bxc3 a5 11. Bd3 Nbd7 12. cxd5 Qxd5 13. Rd1 Qh5 14. Be2 Qg6 15.
Qxg6 hxg6 16. Ne5 Nd5 17. Bd4 Nxe5 18. Bxe5 f5 19. Bf3 Bd7 20. e4 fxe4 21. Bxe4
Bc6 22. Bxg6 Nf4 23. Bxf4 Rxf4 24. f3 Kf8 25. Ke2 Ke7 26. Ke3 Rc4 27. Rc1 Rxc1
28. Rxc1 Rh8 29. h3 Kd6 30. Rd1+ Bd5 31. Rc1 b6 32. Rc3 Kd7 33. Be4 Kd6 34. Bd3
g5 35. Rc1 Rf8 36. Re1 Rh8 37. Kd4 Rh4+ 38. Be4 e5+ 39. Kd3 Rh8 40. Bxd5 Kxd5
41. Rc1 Rd8 42. Ke3 Rg8 43. Rc7 Rg6 44. Rc8 Rg7 45. Rd8+ 1-0

[Event "N1 Reykjavik Open 2014"]
[Site "Reykjavik ISL"]
[Date "2014.03.06"]
[Round "4.31"]
[White "Thorhallsson, Gylfi"]
[Black "Aravindh, Chithambaram VR."]
[Result "0-1"]
[BlackTitle "FM"]
[WhiteElo "2130"]
[BlackElo "2395"]
[WhiteFideId "2300800"]
[BlackFideId "5072786"]
[EventDate "2014.03.04"]

1. e4 c5 2. Nf3 Nc6 3. d4 cxd4 4. Nxd4 Nf6 5. Nc3 e5 6. Ndb5 d6 7. Bg5 a6 8.
Bxf6 gxf6 9. Na3 b5 10. Nd5 f5 11. Bd3 Be6 12. c3 Bg7 13. Qh5 O-O 14. exf5 Bxd5
15. f6 e4 16. fxg7 Re8 17. Be2 Re5 18. Qh6 Be6 19. Nc2 Rg5 20. O-O-O d5 21. g3
b4 22. c4 Rc8 23. Kb1 d4 24. Nxd4 Nxd4 25. Rxd4 Qxd4 26. Qxg5 Qxf2 27. Rd1 f6
28. Qd2 e3 29. Qe1 Qxh2 30. Bd3 Qf2 31. Qh1 f5 32. g4 Rd8 33. Rf1 Qd2 34. Rd1
Rxd3 35. Rxd2 exd2 0-1

[Event "N1 Reykjavik Open 2014"]
[Site "Reykjavik ISL"]
[Date "2014.03.06"]
[Round "4.32"]
[White "Kenney, Jason"]
[Black "Soors, Stef"]
[Result "1-0"]
[BlackTitle "IM"]
[WhiteElo "2124"]
[BlackElo "2394"]
[WhiteFideId "2606690"]
[BlackFideId "209511"]
[EventDate "2014.03.04"]

1. c4 e5 2. g3 Nc6 3. Nc3 Bc5 4. Bg2 a6 5. Nf3 d6 6. O-O Nf6 7. d3 h6 8. a3 O-O
9. b4 Ba7 10. Bb2 Be6 11. Rc1 Qd7 12. e3 Ne7 13. Re1 Bh3 14. d4 Bxg2 15. Kxg2
Qe6 16. Nd5 e4 17. Nxf6+ Qxf6 18. Nd2 Qg6 19. Qc2 f5 20. d5 Kh7 21. Kh1 Qg4 22.
Qd1 Qh3 23. Rg1 h5 24. Nb3 Rf7 25. Rc2 Ng8 26. Nc1 b5 27. Ne2 Qg4 28. Nf4 bxc4
29. Rxc4 Bb6 30. a4 a5 31. b5 Kh6 32. h4 Nf6 33. Bxf6 Rxf6 34. Qxg4 hxg4 35. Kg2
Rf7 36. Rgc1 Rd7 37. Rc6 Rb8 38. Ne6 Rb7 39. Nc5 Bxc5 40. R1xc5 Ra7 41. Rc4 Kg6
42. Ra6 Rxa6 43. bxa6 Kf6 44. a7 Rd8 45. Rxc7 g6 46. Rd7 Ra8 47. Rxd6+ Ke5 48.
Ra6 Kxd5 49. Rxa5+ Kc4 50. Ra6 Kb4 51. Kf1 Kb3 52. Ke2 Kb4 53. a5 Kc3 54. Rc6+
Kb4 55. Rxg6 Rxa7 56. a6 Rf7 57. Rb6+ Ka5 58. Rb7 Rf8 59. a7 1-0

[Event "N1 Reykjavik Open 2014"]
[Site "Reykjavik ISL"]
[Date "2014.03.06"]
[Round "4.33"]
[White "Thorfinnsson, Bjorn"]
[Black "Bjornsson, Sverrir Orn"]
[Result "1-0"]
[WhiteTitle "IM"]
[WhiteElo "2389"]
[BlackElo "2126"]
[WhiteFideId "2300982"]
[BlackFideId "2301954"]
[EventDate "2014.03.04"]

1. c4 e5 2. g3 c6 3. d4 Bb4+ 4. Nd2 exd4 5. Bg2 Nf6 6. Nf3 d3 7. e3 d5 8. cxd5
Qxd5 9. O-O Bg4 10. h3 Bxf3 11. Nxf3 O-O 12. Nd4 Qd7 13. Qxd3 Bc5 14. Rd1 Bxd4
15. Qxd4 Qxd4 16. Rxd4 Na6 17. b4 Rad8 18. Bb2 Nc7 19. Kf1 Ne6 20. Rxd8 Rxd8 21.
Ke2 a6 22. a4 h6 23. b5 axb5 24. axb5 cxb5 25. Bxb7 Rb8 26. Ra7 Nc5 27. Bg2 b4
28. Bxf6 gxf6 29. Bd5 Ne6 30. Bxe6 fxe6 31. Ra2 Kf7 32. Kd3 Kg6 33. Rb2 Kg5 34.
Kc4 Rd8 35. Kxb4 Kf5 36. Kc3 Rd1 37. Rd2 Rh1 38. h4 Ra1 39. Kd3 Ra4 40. Ke2 Ra6
41. Kf3 Rb6 42. g4+ Kg6 43. h5+ Kg7 44. Rd7+ Kg8 45. Re7 Ra6 46. Kf4 Ra2 47. f3
Ra4+ 48. e4 Ra6 49. e5 Ra4+ 50. Kg3 fxe5 51. Rxe6 Kg7 52. Rxe5 Rb4 53. Re7+ Kg8
54. f4 Rb3+ 55. Kf2 Rh3 56. Re3 Rh2+ 57. Kf3 Ra2 58. Ke4 Ra5 59. Rd3 Ra4+ 60.
Ke5 Ra5+ 61. Rd5 Ra4 62. Kf5 Ra6 63. Re5 Kf7 64. g5 hxg5 65. fxg5 1-0

[Event "N1 Reykjavik Open 2014"]
[Site "Reykjavik ISL"]
[Date "2014.03.06"]
[Round "4.34"]
[White "Schaefer, Reyk"]
[Black "Arngrimsson, Dagur"]
[Result "0-1"]
[BlackTitle "IM"]
[WhiteElo "2102"]
[BlackElo "2382"]
[WhiteFideId "4640543"]
[BlackFideId "2301288"]
[EventDate "2014.03.04"]

1. d4 d5 2. c4 c6 3. Nf3 Nf6 4. Qc2 g6 5. g3 Bg7 6. Bg2 O-O 7. O-O dxc4 8. Qxc4
Be6 9. Qc2 Bf5 10. Qb3 Qb6 11. Qa3 Nd5 12. Nc3 Na6 13. Bd2 Ndb4 14. e4 Bg4 15.
Qb3 Bxf3 16. Bxf3 Bxd4 17. Ne2 Bg7 18. a3 Nd5 19. Qc2 Ndc7 20. Nc3 Ne6 0-1

[Event "N1 Reykjavik Open 2014"]
[Site "Reykjavik ISL"]
[Date "2014.03.06"]
[Round "4.35"]
[White "Abrahamyan, Tatev"]
[Black "Hackner, Oskar A"]
[Result "1-0"]
[WhiteTitle "WGM"]
[WhiteElo "2376"]
[BlackElo "2105"]
[WhiteFideId "13301918"]
[BlackFideId "424188"]
[EventDate "2014.03.04"]

1. e4 e6 2. d4 d5 3. e5 c5 4. c3 Qb6 5. Nf3 Nc6 6. a3 f6 7. Bd3 fxe5 8. dxe5 c4
9. Bc2 Bc5 10. O-O Nge7 11. Nbd2 Qc7 12. Qe2 Bd7 13. b3 cxb3 14. Nxb3 Bb6 15. a4
Na5 16. Nxa5 Bxa5 17. Ba3 Rc8 18. Ng5 Bxc3 19. Qf3 Rf8 20. Qh5+ Kd8 21. Bd6 Qc4
22. Rab1 Bxe5 23. Bxe5 Qxc2 24. Nf7+ Rxf7 25. Qxf7 Qf5 26. Qxg7 Nc6 27. Bd6 b6
28. a5 Qg6 29. Qf8+ Be8 30. axb6 axb6 31. Rxb6 Qf7 32. Qh6 Qg6 33. Qh4+ Kd7 34.
Bg3 Bf7 35. Rb7+ Ke8 36. Bd6 1-0

[Event "N1 Reykjavik Open 2014"]
[Site "Reykjavik ISL"]
[Date "2014.03.06"]
[Round "4.36"]
[White "Petursson, Gudni"]
[Black "Bjornsson, Sigurbjorn"]
[Result "1-0"]
[BlackTitle "FM"]
[WhiteElo "2104"]
[BlackElo "2360"]
[WhiteFideId "2301725"]
[BlackFideId "2300974"]
[EventDate "2014.03.04"]

1. d4 d5 2. c4 e6 3. Nf3 c6 4. cxd5 exd5 5. Nc3 Bd6 6. Bg5 f6 7. Bh4 Ne7 8. e3
Bf5 9. Bd3 O-O 10. O-O Nd7 11. Bg3 Nc8 12. Bxf5 Bxg3 13. hxg3 Nd6 14. Bxd7 Qxd7
15. b3 Rfe8 16. Qd3 Qg4 17. Nh2 Qh5 18. g4 Qh4 19. Qe2 Re6 20. Qf3 f5 21. Qh3
Qe7 22. g5 Qxg5 23. Nf3 Qe7 24. Ne5 Rh6 25. Qg3 f4 26. exf4 Nf5 27. Qg5 Qf8 28.
Rad1 Re8 29. Rfe1 Ree6 30. Nd7 Qe8 31. Rxe6 Rxe6 32. Qxf5 Qxd7 33. Qh3 Qe8 34.
Qf3 Qe7 35. g3 b5 36. Kg2 a5 37. Rh1 Qb4 38. Qd3 h6 39. Rh5 Qa3 40. Re5 Rf6 41.
Qc2 Qb4 42. Ne2 1-0

[Event "N1 Reykjavik Open 2014"]
[Site "Reykjavik ISL"]
[Date "2014.03.06"]
[Round "4.37"]
[White "Bergsson, Stefan"]
[Black "Englert, Fabian"]
[Result "1/2-1/2"]
[BlackTitle "FM"]
[WhiteElo "2099"]
[BlackElo "2317"]
[WhiteFideId "2301393"]
[BlackFideId "24614467"]
[EventDate "2014.03.04"]

1. c4 g6 2. d4 Bg7 3. Nf3 d6 4. Nc3 Nd7 5. e4 e5 6. d5 a5 7. Bg5 Ngf6 8. h3 Nc5
9. Bd3 h6 10. Be3 Nxd3+ 11. Qxd3 Nh5 12. g4 Nf4 13. Bxf4 exf4 14. Rg1 O-O 15.
O-O-O Rb8 16. Rde1 c6 17. e5 dxe5 18. Nxe5 Qd6 19. Nf3 b5 20. cxb5 Bxc3 21. Qxc3
Rxb5 22. Kb1 Rxd5 23. Ne5 Be6 24. Qxc6 Qxc6 25. Nxc6 Rd2 26. f3 Kg7 27. Rd1 Rh2
28. Rh1 Rxh1 29. Rxh1 Re8 30. Rd1 Bc8 31. Nxa5 Re3 32. Rf1 Ba6 33. Rf2 Be2 34.
b4 Bxf3 35. b5 Be4+ 36. Kc1 f3 37. b6 Rc3+ 38. Kd1 Rc5 39. b7 Rb5 40. a4 Rb1+
41. Kd2 f5 42. gxf5 gxf5 43. Rf1 Rb2+ 44. Kc3 Rb6 45. Kd4 Kf6 46. Kc5 Rb2 47.
Rf2 Rb1 48. Rf1 Rb2 49. Rf2 Rb1 1/2-1/2

[Event "N1 Reykjavik Open 2014"]
[Site "Reykjavik ISL"]
[Date "2014.03.06"]
[Round "4.38"]
[White "Restuccia, Francisco"]
[Black "Hauge, Lars Oskar"]
[Result "0-1"]
[BlackTitle "FM"]
[WhiteElo "2093"]
[BlackElo "2308"]
[WhiteFideId "105511"]
[BlackFideId "1509276"]
[EventDate "2014.03.04"]

1. e4 c5 2. f4 d5 3. Nc3 d4 4. Nce2 Nc6 5. d3 e5 6. Nf3 Bd6 7. g3 Nge7 8. Bg2 f6
9. O-O Be6 10. a3 O-O 11. Bd2 b5 12. f5 Bf7 13. g4 Nc8 14. Qe1 c4 15. g5 cxd3
16. cxd3 Kh8 17. Qh4 fxg5 18. Nxg5 Bg8 19. Rf3 Rf6 20. Qg4 Qe8 21. Raf1 Nb6 22.
Ng3 Bf8 23. Nh5 Rh6 24. Rh3 Nd7 25. Nf3 Rd6 26. Nh4 Bf7 27. Ng6+ Bxg6 28. fxg6
Rxg6 29. Qh4 Be7 30. Nf6 Nxf6 31. Rxf6 h6 32. Bxh6 Bxf6 33. Bxg7+ Kxg7 0-1